| 000 | 00378nam a22001577a 4500 | ||
|---|---|---|---|
| 003 | OSt | ||
| 005 | 20250211191253.0 | ||
| 008 | 230826b |||||||| |||| 00| 0 eng d | ||
| 040 | _cChuka University Library | ||
| 050 |
_aPL 8704 _b.B33 2010 |
||
| 100 |
_aBabu, Omar _912332 |
||
| 245 | _aHeri Subira | ||
| 260 |
_aNairobi _bOUP _c2010 |
||
| 300 | _a150p. | ||
| 942 |
_2lcc _cBK _n0 _05 |
||
| 999 |
_c15324 _d15324 |
||